Global scenario on natural rubber supply (Record no. 59975)

MARC details
000 -LEADER
fixed length control field 00447nam a2200121Ia 4500
100 ## - MAIN ENTRY--AUTHOR NAME
Personal name Sri Nuryanti
245 #0 - TITLE STATEMENT
Title Global scenario on natural rubber supply
260 ## - PUBLICATION, DISTRIBUTION, ETC. (IMPRINT)
Name of publisher International Workshop on Climate Change and Rubber Cultivation: R & D Priorities, 28-30 July 2010, Rubber Research Institute of India, Kottayam, pp.17-18
Year of publication 2010
650 ## - SUBJECT ADDED ENTRY--TOPICAL TERM
Topical Term Climate change
650 ## - SUBJECT ADDED ENTRY--TOPICAL TERM
Topical Term NR supply
942 ## - ADDED ENTRY ELEMENTS (KOHA)
Koha item type Journals
Holdings
Withdrawn status Lost status Damaged status Not for loan Home library Current library Shelving location Date acquired Koha item type
      Journals RRII Library RRII Library Climate change 13/08/2010 Journals